| 000 | 01700nam a2200433 i 4500 | ||
|---|---|---|---|
| 001 | 196451 | ||
| 003 | ES-MaACL | ||
| 005 | 20250904233817.0 | ||
| 007 | ta | ||
| 008 | 240928s2006 sp | ||| ||spa | ||
| 015 |
_aMON0706-40348 _aMON0706-33985 |
||
| 016 | 7 |
_abimoBNE20070396019 _2SpMaBN |
|
| 017 |
_aB 35573-2006 _bOficina Depósito Legal Barcelona |
||
| 020 | _a8489192626 | ||
| 020 |
_a8489192588 _qObra completa |
||
| 035 | _a(OCoLC)434036217 | ||
| 035 | _a(SpMaBN)bimo0002384456 | ||
| 035 | _a991052047549708606 | ||
| 040 |
_aSpMaBN _bspa _cSpMaBN _erdc _dES-MaACL |
||
| 080 | _a94(460)"1939/55" | ||
| 080 | _a308(460)"1939/75" | ||
| 245 | 0 | 3 |
_aLa liberación de París anima al maquis a 'reconquistar' España : _b1944 / _c[redacción, M. Ángel Rodríguez ... et al.]. |
| 260 |
_aMadrid : _bUnidad Editorial, _c[2006]. |
||
| 300 |
_a201 p. : _bil. col. y n., mapas ; _c25 cm. |
||
| 336 |
_2rdacontent _atexto |
||
| 337 |
_2rdamedia _asin mediación |
||
| 338 |
_2rdacarrier _avolumen |
||
| 490 | 1 |
_aEl Franquismo, año a año ; _v4 |
|
| 651 | 4 |
_aEspaña- _xHistoria- _y1939-1955 _2embne _98329 |
|
| 651 | 7 |
_aEspaña- _xSituación social- _y1939-1975 _9163951 |
|
| 700 |
_aRodríguez Bajón, Miguel Ángel, _d1964- _eaut _9238960 |
||
| 830 | 3 |
_aEl franquismo, año a año _v4 _9238963 |
|
| 852 |
_aES-MaACL _cDEPO1 _jA-15485 _hDonación: Fernando Codina Rodríguez _xEncuadernación rústica con solapas _zEn proceso _9204152 |
||
| 903 |
_aCodina Rodríguez, Fernando _ednr _9238631 |
||
| 942 |
_n0 _cMONOGRAFIA |
||
| 999 |
_c196451 _d196451 |
||